Library Banner

Sport and physical education in China / (Record no. 28430)

MARC details
000 -LEADER
fixed length control field 00562nam a2200193Ia 4500
001 - CONTROL NUMBER
control field 28302
005 - DATE AND TIME OF LATEST TRANSACTION
control field 20181120095547.0
008 - FIXED-LENGTH DATA ELEMENTS--GENERAL INFORMATION
fixed length control field 140415s9999 xx 000 0 und d
020 ## - INTERNATIONAL STANDARD BOOK NUMBER
International Standard Book Number 0-419-22030-5
040 ## - CATALOGING SOURCE
Transcribing agency PK-LaUMT
082 ## - DEWEY DECIMAL CLASSIFICATION NUMBER
Classification number 613.70951
Item number SPO-
245 ## - TITLE STATEMENT
Title Sport and physical education in China /
Statement of responsibility, etc edited by James Riordan and Robin Jones
260 ## - PUBLICATION, DISTRIBUTION, ETC. (IMPRINT)
Place of publication, distribution, etc London,UK:
Name of publisher, distributor, etc Intertiol society for Comparative Physical Education and Sport,
Date of publication, distribution, etc 1999
300 ## - PHYSICAL DESCRIPTION
Extent 278 p.
546 ## - LANGUAGE NOTE
Language note EN
650 ## - SUBJECT ADDED ENTRY--TOPICAL TERM
Topical term or geographic name as entry element Sports-Chi-History
700 ## - ADDED ENTRY--PERSONAL NAME
Personal name robin Jones
942 ## - ADDED ENTRY ELEMENTS (KOHA)
Koha item type Books
Holdings
Withdrawn status Lost status Damaged status Home library Current library Date acquired Full call number Barcode Date last seen Price effective from Koha item type Copy number
      UMT Main Campus UMT Main Campus 2014-04-15 613.70951 SPO- 33977 2014-04-25 2014-04-25 Books  
      UMT Main Campus UMT Main Campus 2018-11-20 613.70951 SPO- 125454 2018-11-20 2018-11-20 Books C. 2